Biblioteca

Dos mundos enfrentados (Registro nro. 40878)

Detalles MARC
000 -LÍDER
Campo fijo de descripción fija 01158aam a2200301 i 4500
001 - NÚMERO DE CONTROL
Campo de control 768714001
003 - IDENTIFICADOR DEL NÚMERO DE CONTROL
Campo de control CO-MdFUSB
005 - FECHA Y HORA DE LA ULTIMA TRANSACCIÓN
control field 20240808145317.0
007 - CAMPO FIJO DE DESCRIPCIÓN FIJA--INFORMACIÓN GENERAL
Campo fijo de descripción fija ta
008 - ELEMENTOS DE LONGITUD FIJA -- INFORMACIÓN GENERAL
Campo fijo de descripción fija -- Información general 240808t1990 ck a|||| |||| 00| 0 spa d
020 ## - NÚMERO INTERNACIONAL NORMALIZADO PARA LIBROS
Número Internacional Normalizado del libro 958-664-005-2
040 ## - FUENTE DE CATALOGACIÓN
Agencia que realiza la transcripción CO-MdFUSB
041 0# - CÓDIGO DE IDIOMA
Código de idioma para texto/pista de sonido o título separado spa
082 04 - NÚMERO DE CLASIFICACIÓN DECIMAL DEWEY
Número de clasificación 986.101
Número de la edición del Dewey 23
Clave de autor-Numero de item R871d
100 1# - ASIENTO PRINCIPAL--NOMBRE PERSONAL
Nombre personal Roux L., Rodolfo Ramón de
Término relacionador autor
245 10 - TÍTULO
Título del Material Dos mundos enfrentados
Mención de responsabilidad, etc. / Rodolfo R. de Roux L.
264 #1 - PRODUCCIÓN, PUBLICACIÓN, DISTRIBUCIÓN, MANUFACTURA, Y COPYRIGHT
Nombre del productor, publicador, distribuidor CINEP,
Lugar de producción, publicación, distribución, manufactura Colombia :
Fecha de producción, publicación, distribución, manufactura, o copyright [1990]
264 #4 - PRODUCCIÓN, PUBLICACIÓN, DISTRIBUCIÓN, MANUFACTURA, Y COPYRIGHT
Fecha de producción, publicación, distribución, manufactura, o copyright ©1990
300 ## - DESCRIPCIÓN FÍSICA
Extensión 210 páginas
Dimensiones ; 24 mc
336 ## - TIPO DE CONTENIDO
Fuente rdacontent
Término de tipo de contenido texto
Código de tipo de contenido txt
337 ## - TIPO DE MEDIO
Fuente rdamedia
Nombre del tipo de medio sin mediación
Código del tipo de medio n
338 ## - TIPO DE SOPORTE
Fuente rdacarrier
Nombre del tipo de soporte volumen
Código Tipo de soporte nc
505 ## - NOTA DE CONTENIDO
Información miscelánea Primera parte:
Título Un encuentro inevitable y violento:
Nota de contenido con formato preestablecido Antiguo "Nuevo Mundo". -- Extraños jinetes venidos del mar. -- Armas, astucia, virus y creencias. -- El reverso de la Conquista. -- Resistencias.
Información miscelánea Segunda parte:
Título La cruz entre la espada y el indígena:<br/><br/>
Nota de contenido con formato preestablecido Al servicio de Dios y su majestad. -- La larga lucha por la justicia. -- Evangelio y utopía. -- Violencia y persuasión.
563 ## - NOTA DE ENCUADERNACIÓN
Nota de encuadernación Rústico
653 ## - TÉRMINO DE INDIZACIÓN - NO CONTROLADO
Término no controlado Historia de Colombia
942 ## - TIPO DE MATERIAL (KOHA)
Tipo de Item KOHA Libros General
945 ## - INFORMACIÓN LOCAL DEL REGISTRO
Catalogador JTF-925
Existencias
Estado de Material Estado de Perdido Forma de Clasificación Estado de Dañado No para Préstamo Colección Tomo Biblioteca de Origen Biblioteca Permanente Fecha de Adquisición Área Total de Préstamos Signatura Topográfica Código de Barras Última vez visto Última vez Préstado Ejemplar/Existencia Fecha de Remplazo Tipo de Material
    Dewey Decimal Classification     Colección General   Biblioteca FUSBC Biblioteca FUSBC 08/08/2024 CIENCIA Y HUMANIDADES 2 G 986.101 R871d 23145 12/12/2019 16/10/2018 Ej. 1 26/01/2016 Libros General

Biblioteca FUSBC | Teléfono: (57+4) 349 88 10 Ext. 141| WhatsApp (+57) 3005338115 
E-mail: biblioteca@unisbc.edu.co | Calle 76 87-14 Robledo Palenque, Medellín, Colombia

Con tecnología Koha